| 000 | 00756nam a2200205Ia 4500 | ||
|---|---|---|---|
| 005 | 20250520132931.0 | ||
| 008 | 210122b ###||||| |||| 00| 0 spa d | ||
| 017 | _a96-00986 | ||
| 040 |
_aBIBLIOTECA MUNICIPAL DE BARRANCO _cBIBLIOTECA MUNICIPAL DE BARRANCO |
||
| 043 | _cPe. | ||
| 082 |
_a985.32 _bG18R 1996. |
||
| 100 | _aGalindo Rojas Juan Luis | ||
| 245 | 0 |
_aRecuerdos, paisajes y estampas iqueñas / _cJuan Luis Galindo Rojas.; |
|
| 260 |
_aIca : _b [s.n.], _c1996. |
||
| 300 |
_a55 p. : _bil. ; _c20 cm. |
||
| 520 | _aRelato sobre las costumbres, los paisajes y la religiosidad iqueña. | ||
| 651 | 0 |
_97395 _aIca, Ica (Perú : Distrito)-Vida y costumbres sociales. |
|
| 942 |
_cBK _2ddc _zAAOH _e2025-05-20 |
||
| 999 |
_c5161 _d5161 |
||